|
|
|
|
| LEADER |
02323nam a2200577 i 4500 |
| 001 |
nkc20172879097 |
| 003 |
CZ PrNK |
| 005 |
20191119112605.0 |
| 007 |
ta |
| 008 |
170207s2016 xr a f 001 0 cze |
| 015 |
|
|
|a cnb002879097
|
| 020 |
|
|
|a 978-80-210-8346-2
|q (brožováno)
|
| 035 |
|
|
|a (OCoLC)987015138
|
| 040 |
|
|
|a BOA001
|b cze
|e rda
|
| 041 |
0 |
|
|a cze
|b cze
|b eng
|
| 072 |
|
7 |
|a 796
|x Sport. Hry. Tělesná cvičení
|2 Konspekt
|9 20
|
| 080 |
|
|
|a 796.062
|2 MRF
|
| 080 |
|
|
|a 796/799:33
|2 MRF
|
| 080 |
|
|
|a 339.138
|2 MRF
|
| 080 |
|
|
|a (048.8:082)
|2 MRF
|
| 100 |
1 |
|
|a Nová, Jana,
|d 1960-
|7 vut2013749053
|4 aut
|
| 245 |
1 |
0 |
|a Management, marketing a ekonomika sportu /
|c Jana Nová, Jiří Novotný, Oldřich Racek, Jaroslav Rektořík, Aleš Sekot, Milena Strachová, Hana Válková
|
| 250 |
|
|
|a 1. vydání
|
| 264 |
|
1 |
|a Brno :
|b Masarykova univerzita, Fakulta sportovních studií,
|c 2016
|
| 300 |
|
|
|a 283 stran :
|b ilustrace ;
|c 23 cm
|
| 336 |
|
|
|a text
|b txt
|2 rdacontent
|
| 337 |
|
|
|a bez média
|b n
|2 rdamedia
|
| 338 |
|
|
|a svazek
|b nc
|2 rdacarrier
|
| 504 |
|
|
|a Obsahuje bibliografii a rejstřík
|
| 546 |
|
|
|a České a anglické resumé
|
| 650 |
0 |
7 |
|a sportovní management
|7 ph161988
|2 czenas
|
| 650 |
0 |
7 |
|a ekonomika sportu
|7 ph202926
|2 czenas
|
| 650 |
0 |
7 |
|a marketing
|7 ph115227
|2 czenas
|
| 650 |
0 |
9 |
|a sports management
|2 eczenas
|
| 650 |
0 |
9 |
|a sports economics
|2 eczenas
|
| 650 |
0 |
9 |
|a marketing
|2 eczenas
|
| 655 |
|
7 |
|a kolektivní monografie
|7 fd501537
|2 czenas
|
| 655 |
|
9 |
|a collective monographs
|2 eczenas
|
| 700 |
1 |
|
|a Novotný, Jiří,
|d 1946 leden 6.-
|7 jn20010309537
|4 aut
|
| 700 |
1 |
|
|a Racek, Oldřich,
|d 1978-
|7 mub2011669206
|4 aut
|
| 700 |
1 |
|
|a Rektořík, Jaroslav,
|d 1937-
|7 jn20000810187
|4 aut
|
| 700 |
1 |
|
|a Sekot, Aleš,
|d 1947-
|7 xx0002596
|4 aut
|
| 700 |
1 |
|
|a Strachová, Milena,
|d 1964-
|7 mub2011642267
|4 aut
|
| 700 |
1 |
|
|a Válková, Hana,
|d 1943-
|7 jn20001103482
|4 aut
|
| 910 |
2 |
|
|a BOA001
|b 2-1384.526
|
| 990 |
|
|
|a BK
|
| 995 |
|
|
|a 01
|
| 991 |
|
|
|b 201703
|c NOV
|
| 996 |
6 |
|
|b 2610701624
|c 2-1384.526
|l MZK
|r Sklad / do 1 hodiny
|n 13
|p p.v.
|w 001604504
|u 000010
|a 1
|e BOA001
|j MZK50
|s P
|
| 996 |
6 |
|
|b 2610701625
|c 2-1384.526
|l MZK
|r HSS 4p
|n 0
|p p.v.
|h 796 NOV
|w 001604504
|u 000020
|a 0
|e BOA001
|j MZK50
|s P
|
| 996 |
7 |
|
|b 2610704456
|c 2-1384.526
|l Vol.výběr
|r VV 1p
|n 29
|p kup
|h 796 NOV
|w 001604504
|u 000030
|a 0
|e BOA001
|j MZK50
|s A
|